[Event "Internacional Femenino Linares 2013"]
[Site "Linares ESP"]
[Date "2013.09.14"]
[Round "9.5"]
[White "Savina, Anastasia"]
[Black "Martin Perez, Laura"]
[Result "1-0"]
[WhiteElo "2390"]
[BlackElo "2034"]
[PlyCount "53"]
[EventDate "2013.09.08"]
[EventType "tourn"]
[EventRounds "9"]
[EventCountry "ESP"]
[EventCategory "2"]
[Source "lmi"]
[SourceDate "2013.09.08"]

1. d4 Nf6 2. c4 c5 3. d5 b5 4. cxb5 a6 5. e3 axb5 6. Bxb5 Qa5+ 7. Nc3 Bb7 8.
Nge2 Nxd5 9. O-O Nc7 10. a4 e6 11. Ng3 Be7 12. Qg4 g6 13. e4 h5 14. Qf4 h4 15.
Nge2 Nc6 16. Bd2 Qb6 17. Rfd1 g5 18. Qe3 Nd4 19. a5 Qa7 20. Nxd4 cxd4 21. Qd3
Bf6 22. Na4 Nxb5 23. Qxb5 Bxe4 24. Nb6 Bc6 25. Qc5 Rg8 26. Bb4 Rb8 27. Nd5 1-0